Names Missing From Book Titles Quiz Stats

 Plays Quiz Updated Sep 10, 2016

Challenge
Share
Tweet
Embed
Score 0/24 Timer 03:00
5 Plays Today
% Correct
Mary
97.1%
Oliver
96.8%
Tom
96.6%
James
95%
Jane
94.8%
Bridget
94.7%
Stuart
94.6%
Pippi
94.5%
Anna
92%
Dorian
91%
Anne
90.3%
Ella
86%
% Correct
Harriet
79.1%
Amelia
78.7%
Margaret
77.8%
Lorna
69.3%
Ramona
68.6%
Sarah
67.6%
Moll
67.2%
Dolores
65.7%
Franny
63.9%
Jean
63.6%
Rebecca
61.1%
Daisy
59.5%

You're not logged in!

Compare scores with friends on all Sporcle quizzes.
OR
Log In

You Might Also Like...

Show Comments

Extras

Top Quizzes Today


Score Distribution

Your Account Isn't Verified!

In order to create a playlist on Sporcle, you need to verify the email address you used during registration. Go to your Sporcle Settings to finish the process.

Report this User

Report this user for behavior that violates our Community Guidelines.

Details: